Fundamentos de ciencias de materiales
Gorde:
| Egile nagusia: | |
|---|---|
| Formatua: | Liburua |
| Hizkuntza: | gaztelania |
| Argitaratua: |
Ciudad de México
McGraw-Hill
1980
|
| Gaiak: | |
| Etiketak: |
Etiketa erantsi
Etiketarik gabe, Izan zaitez lehena erregistro honi etiketa jartzen!
|
MARC
| LEADER | 00000nam a2200000 a 4500 | ||
|---|---|---|---|
| 001 | UCX0478 | ||
| 003 | CL-VaPUC | ||
| 008 | 891024e19800000MX |||||||||||||||||spa|d | ||
| 082 | 0 | 4 | |a 620.112 |b GUY |2 21 |
| 100 | |a Guy, Albert G |e author |9 531914 | ||
| 245 | 1 | 0 | |a Fundamentos de ciencias de materiales |
| 300 | |a 515 p | ||
| 942 | |c BK | ||
| 945 | |d 19891024 00:00:00 | ||
| 260 | |a Ciudad de México |b McGraw-Hill |c 1980 | ||
| 650 | 0 | |a Materiales |9 260800 | |
| 583 | |a last modification |c 19891024 00:00:00 |k Rodrigo Vera | ||
| 999 | |c 222072 |d 222070 | ||
| 952 | |0 0 |1 0 |4 0 |6 620_112000000000000_GUY_1980 |7 0 |8 A |9 216266 |a BIBING |b BIBING |d 2019-11-15 |i 1665766 |o 620.112 GUY 1980 |p 1665766 |r 2025-01-20 |w 2019-11-15 |y BK |k CCL | ||